Textbook of community medicine (Record no. 393674)

MARC details
000 -LEADER
fixed length control field 00681 a2200253 4500
005 - DATE & TIME
control field 20260108105455.0
008 - FIXED-LENGTH DATA ELEMENTS--GENERAL INFORMATION
fixed length control field 260106b |||||||| |||| 00| 0 eng d
020 ## - ISBN
International Standard Book Number 978-93-48816-81-8
Price Rs. 1899.00
040 ## - CATALOGING SOURCE
Original cataloging agency VIVEKANANDA LIBRARY
082 ## - DDC NUMBER
Classification number 610
Book Number B469T(6)
100 ## - MAIN ENTRY--PERSONAL NAME
Personal name Bhalwar, Rajvir
245 ## - TITLE STATEMENT
Title Textbook of community medicine
250 ## - EDITION STATEMENT
Edition statement 6th
260 ## - PUBLICATION, DISTRIBUTION, ETC. (IMPRINT)
Name of publisher, distributor, etc Wolters Kluwer (India)
Date of publication, distribution, etc 2025
Place of publication, distribution, etc New Delhi
300 ## - PHYSICAL DESCRIPTION
Pages xxx, 944
650 ## - Subject
Subject Medical Science
650 ## - Subject
Subject Community Medicine
650 ## - Subject
Subject Public Health
700 ## - Added Entry Personal Name
Added Entry Personal Name Dudeja, Puja, ed.
700 ## - Added Entry Personal Name
Added Entry Personal Name Gupta, Rajul K, ed.
700 ## - Added Entry Personal Name
Added Entry Personal Name Jindal, Ashok K, ed.
700 ## - Added Entry Personal Name
Added Entry Personal Name Bhatnagar, Anuj, ed.
942 ## - ADDED ENTRY ELEMENTS (KOHA)
Koha item type Books
Holdings
Withdrawn status Lost status Source of classification or shelving scheme Damaged status Not for loan Location (home branch) Sublocation or collection (holding branch) Shelving location Date acquired Koha issues (times borrowed) Koha full call number Accession No. Koha date last seen Koha item type
    Dewey Decimal Classification     VIVEKANANDA LIBRARY VIVEKANANDA LIBRARY Vivekananda Library 02/12/2025   610 B469T(6) 443590 02/12/2025 Books
    Dewey Decimal Classification     VIVEKANANDA LIBRARY VIVEKANANDA LIBRARY Vivekananda Library 02/12/2025 1 610 B469T(6) 443591 07/04/2026 Books
© Designed and Maintained by Vivekananda Library, MDU Rohtak